| 000 | 00820nam a2200253 a 4500 | ||
|---|---|---|---|
| 003 | OSt | ||
| 005 | 20130628133112.0 | ||
| 008 | 130628s1993 sz ||||| |||| 00| 0 spa d | ||
| 020 | _a92 4 320836 5 | ||
| 040 | _cBiblioteca Medicina | ||
| 041 | _aspa | ||
| 082 | _aOMS IT 836 | ||
| 110 |
_aOrganizacion Mundial de la Salud _91006 |
||
| 245 | 0 | 0 |
_aComite de Expertos de la OMS en Farmacodependencia. _b28° Informe |
| 250 | _a1° ed. | ||
| 260 |
_aGinebra _bOrganizacion Mundial de la Salud _c1993 |
||
| 300 | _a45 p. | ||
| 440 | 0 | 0 |
_aInformes Tecnicos _n836 _92469 |
| 653 | _aDEPENDENCIA A SUSTANCIAS | ||
| 653 | _aCONTROL DE DROGAS Y NARCOTICOS | ||
| 653 | _aABUSO DE SUSTANCIAS | ||
| 942 |
_2ddc _cPH |
||
| 999 |
_c1532 _d1532 |
||
| 952 |
_pH0052 _40 _00 _bCURZA _10 _oOMS IT 836 _d2013-06-28 _tEj. 1 _8NFIC _70 _cCR _2ddc _yPH _aCURZA |
||